000
00305nam a2200121Ia 4500
005
20251222143302.0
008
251222s9999||||xx |||||||||||||| ||spa||
082
_a
658.001/C28
100
_a
Cárdenas Falcón, Gerardo
245
0
_a
La Empresa de Gestión Participativa:
264
_b
INPET
942
_c
LIB
999
_c
15384
_d
15384